000
00290nam a22001097a 4500
008
160520b xxu||||| |||| 00| 0 eng d
020
_a
013141965X
041
_a
eng
080
_a
316.77
245
_a
Excellence in Business communication:
_c
John V. Thill; Courtland L. Bovee;
942
_2
udc
_c
BK
999
_c
2279
_d
2279